Logo CIB grande

FORMULACIÓN Y EVALUACIÓN DE PROYECTOS AGRÍCOLAS (Registro nro. 222073)

Detalles MARC
000 -LEADER
campo de control de longitud fija 00846nam a2200241Ia 4500
005 - FECHA Y HORA DE LA ÚLTIMA TRANSACCIÓN
campo de control 20250425162103.0
008 - DATOS DE LONGITUD FIJA--INFORMACIÓN GENERAL
campo de control de longitud fija 250425s9999 xx 000 0 und d
020 ## - NÚMERO INTERNACIONAL ESTÁNDAR DEL LIBRO
Número Internacional Estándar del Libro 9806131320
041 ## - CÓDIGO DE IDIOMA
Código de lengua del texto/banda sonora o título independiente spa
082 ## - NÚMERO DE LA CLASIFICACIÓN DECIMAL DEWEY
Número de clasificación 630.208
010 ## - NÚMERO DE CONTROL DE LA BIBLIOTECA DEL CONGRESO
Número de control de LC 48847
100 ## - ENTRADA PRINCIPAL--NOMBRE DE PERSONA
Nombre de persona CONTRERAS SALAS, JOSÉ
245 #0 - MENCIÓN DEL TÍTULO
Título FORMULACIÓN Y EVALUACIÓN DE PROYECTOS AGRÍCOLAS
250 ## - MENCION DE EDICION
Mención de edición 1A ED.
260 ## - PUBLICACIÓN, DISTRIBUCIÓN, ETC.
Lugar de publicación, distribución, etc. CARACAS
260 ## - PUBLICACIÓN, DISTRIBUCIÓN, ETC.
Lugar de publicación, distribución, etc. Venezuela
Nombre del editor, distribuidor, etc. AMERICA ASOCIATION
Fecha de publicación, distribución, etc. 1992
300 ## - DESCRIPCIÓN FÍSICA
Extensión 95
520 ## - RESUMEN, ETC.
Sumario, etc. TRATA SOBRE LO QUE ES PROYECTOS AGRICOLAS, DIAGNOSTICO AGRONOMICO, ESTUDIO DE MERCADO, PLANIFICACION AGROECONOMICA; PROYECCION DE LA FINCA Y PLAN DE RECURSOS FISICOS; PLAN Y CRONOGRAMA DE INVERSIONES; SERVICIO DE LA DEUDA; PROYECCION FINANCIERA , EVALUACI
650 ## - PUNTO DE ACCESO ADICIONAL DE MATERIA--TÉRMINO DE MATERIA
Término de materia o nombre geográfico como elemento de entrada AGRICULTURA
650 ## - PUNTO DE ACCESO ADICIONAL DE MATERIA--TÉRMINO DE MATERIA
Término de materia o nombre geográfico como elemento de entrada ESTUDIO DE MERCADO
650 ## - PUNTO DE ACCESO ADICIONAL DE MATERIA--TÉRMINO DE MATERIA
Término de materia o nombre geográfico como elemento de entrada PROYECTOS AGRICOLAS
942 ## - ELEMENTOS DE ENTRADA SECUNDARIOS (KOHA)
Tipo de ítem Koha Libros
Existencias
Estatus retirado Estado de pérdida Estado de daño No para préstamo Biblioteca de origen Biblioteca actual Ubicación en estantería Fecha de adquisición Coste, precio normal de compra Total de préstamos Código de barras Copia número Tipo de ítem Koha
        CENTRO DE INFORMACIÓN BIBLIOTECARIA CENTRO DE INFORMACIÓN BIBLIOTECARIA   30/08/2004 10.00   44566 1 Libros

Copyright 2025 ESPOL. Todos los derechos reservados.